Chronological Events Quiz - WW2 - Statistics

General Stats
  • This quiz has been taken 93 times
  • The average score is 10 of 22
Answer Stats
Hint Extra Hint Answer % Correct
September 1, 1939 If the event spans several days, the date will be the starting date of that event. Invasion of Poland
72%
December 7, 1941 If the event spans several days, the date will be the starting date of that event. Attack on Pearl Harbor
66%
January 30, 1933 If the event spans several days, the date will be the starting date of that event. Hitler Becomes Chancellor
66%
June 6, 1944 If the event spans several days, the date will be the starting date of that event. D-Day
62%
September 2, 1945 If the event spans several days, the date will be the starting date of that event. Surrender of Japan
62%
August 6, 1945 If the event spans several days, the date will be the starting date of that event. Atomic Bombing of Hiroshima
53%
May 8, 1945 If the event spans several days, the date will be the starting date of that event. Surrender of Germany
51%
October 31, 1922 If the event spans several days, the date will be the starting date of that event. Mussolini Becomes Prime Minister
47%
March 12, 1938 If the event spans several days, the date will be the starting date of that event. Anchluss
45%
April 28, 1945 If the event spans several days, the date will be the starting date of that event. Assassination of Mussolini
42%
June 22, 1940 If the event spans several days, the date will be the starting date of that event. Surrender of France
42%
June 22, 1941 If the event spans several days, the date will be the starting date of that event. Operation Barbarossa
40%
September 30, 1938 If the event spans several days, the date will be the starting date of that event. Munich Agreement
36%
November 10, 1928 If the event spans several days, the date will be the starting date of that event. Hirohito Becomes Emperor
34%
April 7, 1939 If the event spans several days, the date will be the starting date of that event. Invasion of Albania
34%
July 17, 1936 If the event spans several days, the date will be the starting date of that event. Spanish Civil War
34%
February 27, 1933 If the event spans several days, the date will be the starting date of that event. Burning Down of the Reichstag
32%
April 6, 1941 If the event spans several days, the date will be the starting date of that event. Invasion of Yugoslavia
32%
July 17, 1942 If the event spans several days, the date will be the starting date of that event. Siege of Stalingrad
32%
July 7, 1937 If the event spans several days, the date will be the starting date of that event. Second Sino-Japanese War
28%
February 8, 1942 If the event spans several days, the date will be the starting date of that event. Battle of Singapore
26%
April 9, 1940 If the event spans several days, the date will be the starting date of that event. Operation Weserübung
26%
No matching quizzes found
Score Distribution
Percent of People with Each Score
Percentile by Number Answered
Your Score History
You have not taken this quiz